Statistics for Bible Characters #6

Click here to take the quiz!

General Stats

  • This quiz has been taken 23 times
  • The average score is 7 of 15

Answer Stats

HintAnswer% Correct
Brought down the 10 Commandments from SinaiMoses
95%
Eloquent brother of the aboveAaron
85%
Mary Mother’s sister and the mother of John the BaptistElizabeth
70%
Wrote the second-last book of the BibleJude
70%
The riders on different coloured horses in RevelationThe Four {Horsemen}
70%
Prophesied Jesus’ birth and comingIsaiah
65%
Sister of the aboveMiriam
60%
Xerxes’ first wifeVashti
50%
Woman who made and sold purple clothesLydia
35%
Killed because Ahab wanted his vineyardNaboth
35%
Mother of the aboveJochebed
30%
Fishy father of BoazSalmon
30%
Husband of the aboveAmram
20%
13-foot king of BashanOg
20%
Man with the longest name in the BibleMaher-shalhal-hashbaz
5%

Score Distribution

Percentile by Number Answered

Percent of People with Each Score

Your Score History

You have not taken this quiz